Differential and integral calculus* / (Record no. 5769)

MARC details
000 -LEADER
fixed length control field 00568nam a22001817a 4500
003 - CONTROL NUMBER IDENTIFIER
control field OSt
005 - DATE AND TIME OF LATEST TRANSACTION
control field 20251118110637.0
008 - FIXED-LENGTH DATA ELEMENTS--GENERAL INFORMATION
fixed length control field 251118b |||||||| |||| 00| 0 eng d
020 ## - INTERNATIONAL STANDARD BOOK NUMBER
International Standard Book Number 971-8510-29-X.
040 ## - CATALOGING SOURCE
Original cataloging agency DWCL-Admin lib
Transcribing agency OC
082 ## - DEWEY DECIMAL CLASSIFICATION NUMBER
Classification number Fil. 515.33 B554d 1992
100 ## - MAIN ENTRY--PERSONAL NAME
Personal name Besavilla, Venancio I.,Jr
245 ## - TITLE STATEMENT
Title Differential and integral calculus* /
Statement of responsibility, etc. Venancio I. Besavilla, Jr.
260 ## - PUBLICATION, DISTRIBUTION, ETC.
Place of publication, distribution, etc. Cebu City :
Name of publisher, distributor, etc. VIB Publisher,
Date of publication, distribution, etc. c1992.
300 ## - PHYSICAL DESCRIPTION
Extent 449 p. : ill. ;
Dimensions 22 cm.
650 ## - SUBJECT ADDED ENTRY--TOPICAL TERM
Topical term or geographic name entry element 1. Calculus-Problems, exercises, etc.
942 ## - ADDED ENTRY ELEMENTS (KOHA)
Source of classification or shelving scheme Dewey Decimal Classification
Koha item type Book-Filipiniana
Call number prefix Fil.
Suppress in OPAC No
952 ## - LOCATION AND ITEM INFORMATION (KOHA)
--
952 ## - LOCATION AND ITEM INFORMATION (KOHA)
--
952 ## - LOCATION AND ITEM INFORMATION (KOHA)
--
952 ## - LOCATION AND ITEM INFORMATION (KOHA)
--
Holdings
Withdrawn status Lost status Source of classification or shelving scheme Damaged status Not for loan Home library Current library Shelving location Date acquired Source of acquisition Cost, normal purchase price Total Checkouts Full call number Barcode Date last seen Copy number Price effective from Koha item type Uniform Resource Identifier
    Dewey Decimal Classification     College Library College Library Filipiniana 06/18/2011 School Fund 280.00   Fil. 515.33 B554d 1992 48419 11/18/2025 c4 11/18/2025 BK-FIL
    Dewey Decimal Classification     College Library College Library Filipiniana 06/18/2011 School Fund 280.00   Fil. 515.33 B554d 1992 48529 11/26/2025 c2 11/26/2025 BK-FIL
    Dewey Decimal Classification     College Library College Library Filipiniana 06/18/2011 School Fund 280.00   Fil. 515.33 B554d 1992 48530 11/26/2025 c3 11/26/2025 BK-FIL
    Dewey Decimal Classification     College Library College Library Filipiniana 06/20/2008 School Fund 280.00   Fil. 515.33 B554d 1992 45870 11/26/2025 c4 11/26/2025 BK-FIL